Statistics for Tallest Buildings in the United States

Click here to take the quiz!

General Stats

  • This quiz has been taken 132 times
  • The average score is 6 of 15

Answer Stats

CityBuilding% Correct
Chicago, ILWillis Tower
93%
New York City, NYEmpire State Building
92%
New York City, NYOne World Trade Center
88%
New York City, NYChrysler Building
64%
Chicago, ILTrump International Hotel and Tower
52%
Chicago, ILJohn Hancock Center
46%
Atlanta, GABank of America Plaza
42%
New York City, NYBank of America Tower
42%
Chicago, ILAon Center
29%
Los Angeles, CAUS Bank Tower
27%
Houston, TXJPMorgan Chase Tower
21%
New York City, NYNew York Times Building
16%
Chicago, ILFranklin Center
7%
New York City, NYOne57
7%
Chicago, ILTwo Prudential Center
7%

Score Distribution

Percentile by Number Answered

Percent of People with Each Score

Your Score History

You have not taken this quiz